| 000 | 00000nam##2200000za#4500 |
| 001 | 9.643101 |
| 003 | CaOODSP |
| 005 | 20210624224019 |
| 007 | cr ||||||||||| |
| 008 | 150407|2003||||xxc|||||o f|0| 0 fre|d |
| 040 | |aCaOODSP|bfre |
| 043 | |an-cn--- |
| 086 | 1 |aEn14-156/2003F-PDF |
| 110 | 1 |aCanada. |bEnvironnement Canada. |
| 245 | 10|aGuide d'approvisionnement en carburants à faible teneur en soufre / |h[ressource électronique]|cpréparé conjointement par Environnement Canada et Les Ami(e)s de la Terre. |
| 260 | |aOttawa - Ontario : |bEnvironnement Canada |cc2003. |
| 300 | |a20p.|bglossaire, graphiques, tableaux, photographies |
| 590 | |a14-21-Supp|b2014-12-11 |
| 691 | 07|aCarburant|2gcpds |
| 691 | 07|aQualité de l'air|2gcpds |
| 775 | 08|tLow sulphur fuels procurement guide / |w(CaOODSP)9.699059 |
| 856 | 40|ahttp://publications.gc.ca|qPDF|s374 Ko|uhttps://publications.gc.ca/collections/collection_2014/ec/En14-156-2003-fra.pdf |